RICS Practice Alert -Use of RICS designations, status and logos, and integrity of assessment submissions (Record no. 122296)

MARC details
000 -LEADER
fixed length control field 01206nam a22002177a 4500
005 - DATE AND TIME OF LATEST TRANSACTION
control field 20260303111021.0
008 - FIXED-LENGTH DATA ELEMENTS--GENERAL INFORMATION
fixed length control field 260303e20260223xxk|||||o|||| 00| 0 eng d
041 ## - LANGUAGE CODE
Language code of text/sound track or separate title eng
110 ## - MAIN ENTRY--CORPORATE NAME
Corporate author Royal Institution of Chartered Surveyors
245 ## - TITLE STATEMENT
Title RICS Practice Alert -Use of RICS designations, status and logos, and integrity of assessment submissions
Medium [Email update]
260 ## - PUBLICATION INFORMATION
Place of publication London,
Publisher Royal Institution of Chartered Surveyors,
Date 23 February 2026
300 ## - PHYSICAL DESCRIPTION
Physical description email
490 ## - SERIES TITLE
Series statement RICS Practice Alert
520 ## - ABSTRACT
Abstract Regulation Practice Alert to all RICS members globally to reaffirm to all candidates, RICS members and RICS-regulated firms the correct and lawful use of RICS designations, membership status and logos. It also reminds candidates of the expectations around assessment submissions, including the use of plagiarism and generative AI, both of which are not permitted.
650 ## - KEYWORDS
Keywords RICS
651 ## - SUBJECT ADDED ENTRY--GEOGRAPHIC NAME
Geographic name International
690 ## - BROAD SUBJECT
Broad subject RICS
9 (RLIN) 6277
710 ## - ADDED CORPORATE NAME
Added corporate author Royal Institution of Chartered Surveyors
856 ## - ONLINE RESOURCE
Uniform Resource Identifier <a href="https://www.rics.org/content/dam/ricsglobal/documents/regulation/Practice-Alert_Designations-and-Candidates_February-2026.pdf">https://www.rics.org/content/dam/ricsglobal/documents/regulation/Practice-Alert_Designations-and-Candidates_February-2026.pdf</a>
Public note View the online Practice Update
942 ## - ADDED ENTRY ELEMENTS (KOHA)
Suppress in OPAC Do not suppress in OPAC
Holdings
Lost status Damaged status Not for loan Current library Shelving location Date acquired Total Checkouts Full call number Date last seen Price effective from Koha item type
      Virtual Online 03/03/2026   email 03/03/2026 03/03/2026 email